| 000 | 00520nam a22001337a 4500 | ||
|---|---|---|---|
| 020 | _a8117-5000-02-0913 | ||
| 082 |
_a001 _blub/m |
||
| 100 | _alubin.n | ||
| 245 | _aMATHEMATICS QUIZ | ||
| 260 |
_aTHRISSUR _bH & C PUBLISHING HOUSE _c2013 |
||
| 300 | _a96 | ||
| 520 | _aA quiz in mathematics is a short examination designed to gauge a student's grasp of the subject over a relatively brief period. Using quizzes like this is a great way to gauge a student body's mathematics knowledge, ability, and potential. | ||
| 942 | _cBK | ||
| 999 |
_c6717 _d6717 |
||